LEADER 01305nam a2200277 i 4500 001 000000140228 003 CaOOAMICUS 005 20050623000000.0 008 050623s2005 it u000 u fre u 013 $a114427 020 $a2-8028-0157-0 040 $aSeMil$bita 245 10$aVariations sur Dieu :$blangages, silences, pratiques /$csous la direction de François Coppens. 260 $aBruxelles :$bFacultés universitaires Saint-Louis,$c2005. 300 $a336 p. ;$c23 cm. 490 0 $aPublications des Facultés universitaires Saint-Louis ;$v102 650 4$aDio - Filosofia.$0(OLS)http://semarc/subject/2018 650 4$aDio - Concetto.$0(OLS)http://semarc/subject/12113 700 1 $aCoppens, François.$0(OLS)http://semarc/name/56527 830 0$aPublications des Facultés universitaires Saint-Louis ;$v102.$0(OLS)http://semarc/title/17634 850 $aSeMil 852 $aSeMil$W1$xVenegono$y1$m2B III 60$j93611$B93611$CSeMilBibl$Z2$F99713 $81 961 $aAcquisto: Publications Université Saint-Louis 996 $6020$a2-8028-0157-0$9(OLS)http://semarc/number/128353 996 $6245$aVariations sur Dieu :$blangages, silences, pratiques$9(OLS)http://semarc/title/204885 996 $6260$aBruxelles :$bFacultés universitaires Saint-Louis$9(OLS)http://semarc/publisher/33622 LEADER 01179nam a2200253 i 4500 001 000000235267 003 CaOOAMICUS 005 20220818102051.0 008 141103s1795 it u000 u ita u 013 $a214170 026 $ao-oe i.ne p.n. lasa (3) 1795 (R) 040 $aSeMil$bita 100 1 $aMarchetti, Giovanni,$c.$0(OLS)http://semarc/name/12331 245 10$aEsercitazioni ciprianiche circa il battesimo degli eretici e degli scismatici del prete Giovanni Marchetti ... 260 $a[Roma] :$bDalle stampe di Giovanni Zempel,$c1795. 300 $axvi, 384 p. ;$c8°. 500 $aSegn.: a8 A-2A8 650 4$aBattesimo - Teologia - Storia.$0(OLS)http://semarc/subject/801 700 1 $aZempel, Giovanni,$c.$0(OLS)http://semarc/name/6706 850 $aSeMil 852 $aSeMil$W1$xVenegono$y1$m3C I 48 FA$j185613$B185613$CSeMilBibl$Z2$F196515 $8I 996 $6245$aEsercitazioni ciprianiche circa il battesimo degli eretici e degli scismatici del prete Giovanni Marchetti ...$9(OLS)http://semarc/title/335490 996 $6260$a[Roma] :$bDalle stampe di Giovanni Zempel$9(OLS)http://semarc/publisher/54131